Welcome to CU Library Online Public Access Catalogue (OPAC)

Interpersonal theory in nursing practice : (Record no. 3552)

MARC details
000 -LEADER
fixed length control field 00717pam a2200217 a 4500
001 - CONTROL NUMBER
control field 3870400
005 - DATE AND TIME OF LATEST TRANSACTION
control field 20250207161231.0
008 - FIXED-LENGTH DATA ELEMENTS--GENERAL INFORMATION
fixed length control field 890209s1989 nyua b 001 0 eng
020 ## - INTERNATIONAL STANDARD BOOK NUMBER
International Standard Book Number 0826160603
050 00 - LIBRARY OF CONGRESS CALL NUMBER
Classification number RC440
Item number .P423 1989
082 00 - DEWEY DECIMAL CLASSIFICATION NUMBER
Classification number 610.73/68
Edition information 19
100 1# - MAIN ENTRY--PERSONAL NAME
Personal name Peplau, Hildegard E.
245 10 - TITLE STATEMENT
Title Interpersonal theory in nursing practice :
Remainder of title selected works of Hildegard E. Peplau /
Statement of responsibility, etc. Anita Werner O'Toole, and Sheila Rouslin Welt, editors.
260 ## - PUBLICATION, DISTRIBUTION, ETC.
Place of publication, distribution, etc. New York :
Name of publisher, distributor, etc. Springer Pub. Co.,
Date of publication, distribution, etc. c1989.
300 ## - PHYSICAL DESCRIPTION
Extent xix, 375 p. :
Other physical details ill. ;
Dimensions 22 cm.
650 #0 - SUBJECT ADDED ENTRY--TOPICAL TERM
Topical term or geographic name entry element Psychiatric nursing.
650 #0 - SUBJECT ADDED ENTRY--TOPICAL TERM
Topical term or geographic name entry element Nurse and patient.
700 1# - ADDED ENTRY--PERSONAL NAME
Personal name O'Toole, Anita Werner.
700 1# - ADDED ENTRY--PERSONAL NAME
Personal name Welt, Sheila Rouslin.
942 ## - ADDED ENTRY ELEMENTS (KOHA)
Source of classification or shelving scheme Library of Congress Classification
Koha item type Books
Suppress in OPAC No
999 ## -
-- 3552
-- 3552
Holdings
Withdrawn status Lost status Source of classification or shelving scheme Damaged status Not for loan Collection Home library Current library Shelving location Date acquired Total checkouts Full call number Barcode Date last seen Copy number Price effective from Koha item type
    Library of Congress Classification     Non-fiction Science Library (Miotso) Science Library (Miotso) General stacks 02/07/2025   RC440 .P423 PEP SLM00002981 02/07/2025 1 02/07/2025 Books
© 2023-2024 Copyright: Central University Libraries. All Rights Reserved | Created by: Mahone Tech Office